000 00653cab a2200205 4500
001 WB2501-28
008 090401t1988 xxu||||| |||| 00| 0 eng d
035 _a(Sirsi) u24458
041 _aeng
245 _aLabour mobility
260 _c1988
350 _a0
490 _aFinancial Times
_v28/12/88 p8
520 _aA report by VSEL a shipping and engineering company based in the north-west, concludes that labour mobility between different areas in the north may be affected by differentials in house prices .
650 _aNORTH SOUTH DIVIDE
650 _aRECRUITMENT
690 _aECONOMIC AND SOCIAL
942 _n0
948 _c04/03/1997
999 _c16401
_d16401